|
|
|
|
| LEADER |
00000cam a2200000 7i4500 |
| 001 |
0000006554 |
| 005 |
20050615.0 |
| 020 |
|
|
|a 9839236180
|
| 040 |
|
|
|a INS
|
| 090 |
0 |
0 |
|a BF697.S46.
|b K53154 1999
|
| 100 |
1 |
|
|a Khera, Shiv
|
| 245 |
1 |
0 |
|a Anda boleh berjaya :
|b Pemenang tidak melakukan sesuatu yang berbeza, mereka melakukannya dengan cara yang berbeza :
|b panduan langkah demi langkah bagi mereka yang ingin berjaya
|c Shiv Khera
|
| 260 |
|
|
|a Petaling Jaya :
|b Prentice-Hall(M) ,
|c 1999
|
| 300 |
|
|
|a 210p ;
|c 22cm.
|
| 650 |
0 |
0 |
|a Attitude(Psychology)
|
| 650 |
0 |
0 |
|a Self esteem
|
| 650 |
0 |
0 |
|a Self-confidence
|
| 650 |
0 |
0 |
|a Success
|x Psychological aspects
|
| 650 |
0 |
0 |
|a Thought and thinking
|
| 999 |
|
|
|a 0000007679
|b BOOK
|c Open Shelf
|e Default branch
|
| 999 |
|
|
|a 0000010806
|b BOOK
|c Open Shelf
|e Default branch
|